000
00283nam a2200133Ia 4500
100
_a
Lincoln
942
_c
BK
654
_a
Drawings
245
_a
How to read shop drawings
260
_b
Lincoln Electric & co
_a
Ohio
_c
1973
082
_a
604.24
300
_a
187
546
_a
ENGLISH
999
_c
18094
_d
18094